000 00468nam a2200193Ia 4500
005 20220820143843.0
008 131103s9999 xx 000 0 und d
020 _a6514669
040 _aLoreto College
041 _aEnglish
082 _aF
_bHIG
100 _aHiggins,Jack
245 _aEdge of danger
_cJack Higgins
260 _aLondon
_bHarperCollins Publishers
_c2001
300 _a346 p.
650 _aFiction In English
850 _aLCLIB
942 _cBK
999 _c15412
_d65891